00585nam a2200121 4500008004100000050002400041100002100065245015400086260003100240300003200271504003700303650012300340190321b xxu||||| |||| 00| 0 eng d aLB 1028.5 .M84 2018 aMuema Joel Silla aInfluence of ICT on students' academics achievement in the teaching and learning of mathematics in secondary schools in Dadaab Garissa county, Kenya/ aKenya :bJoel Silla,c2018 axii, 101p. :bill. ;c29cm. aInclude Bibliographic references aInfluence of ICT on students' xacademics achievement in (mathematics)ySecondary schoolzDadaab Garissa county, Kenya